Passing : dissolvere le identità superare le differenze /
Saved in:
| Hovedforfatter: | |
|---|---|
| Format: | Bog |
| Sprog: | italiensk |
| Udgivet: |
Roma :
Meltemi,
2006
|
| Serier: | Melusine ;
39 |
| Tags: |
Ingen Tags, Vær først til at tagge denne postø!
|
MARC
| LEADER | 00000nam a22000007i 4500 | ||
|---|---|---|---|
| 001 | IT\ICCU\RMS\1511266 | ||
| 003 | ItRI | ||
| 005 | 20260222003108.0 | ||
| 008 | 060303s2006 it |||||| ||||| |||||c | ||
| 020 | |a 8883534565 | ||
| 040 | |b ita |c ct | ||
| 041 | 7 | |a ita |2 ISO-639-2 | |
| 100 | 1 | |a Camaiti Hostert, Anna |0 IT\ICCU\CFIV\036404 |4 aut | |
| 240 | 1 | 0 | |a Passing |9 Camaiti Hostert, Anna |
| 245 | 1 | 0 | |a Passing : |b dissolvere le identità superare le differenze / |c Anna Camaiti Hostert. |
| 260 | |a Roma : |b Meltemi, |c 2006 | ||
| 300 | |a 167 p. ; |c 19 cm | ||
| 830 | 0 | |a Melusine ; |v 39 |0 IT\ICCU\RAV\0826814 | |
| 942 | |2 ddc |c BK | ||
| 952 | |0 0 |1 0 |2 ddc |4 0 |6 B_SSR03CAMANPAS11 |7 0 |9 8636 |a MI |b MI |d 2006-04-29 |i 5133 |l 0 |o B-SSR03-CAMAN-PAS11 |p CDOM5133 |r 2025-07-17 21:50:32 |w 2025-07-17 |x ACQUISTO |y BK | ||
| 952 | |0 0 |1 0 |4 0 |6 T_303_482000000000000_CAM |7 0 |9 17664 |a BO |b BO |d 2026-01-15 |i 12251 |l 0 |o T 303.482 CAM |p BO12251 |r 2026-01-15 23:19:42 |w 2026-01-15 |x [Sebina 5] [1 v.] |y BK |z 1 v. | ||
| 999 | |c 7183 |d 7183 | ||